| 000 | 00526nam a2200193Ia 4500 | ||
|---|---|---|---|
| 003 | LK-CoDNM | ||
| 008 | 010623t1982 xxu||||| |||| 00| 1 sin d | ||
| 040 |
_aLK-CoDNM _dLK-CoDNM _eLK-CoDNM |
||
| 041 | _asin | ||
| 080 |
_a(x) 92 _bDES |
||
| 100 | _aDe Silva, Colvin R. | ||
| 245 | _aපනස් වසරක දේශපාලන ජීවිතය | ||
| 246 | _aPanas wasaraka deshapalana jeevithaya | ||
| 260 |
_b _c1982 |
||
| 300 | _b7, 21.5 cm | ||
| 650 | _aBiography | ||
| 650 | _aColvin R.De Silva | ||
| 942 | _cBK | ||
| 999 |
_c111980 _d111980 |
||